Movies Quiz

Random Movies Quiz
Score 0/30 Timer 06:00
0 Plays Today
Hint Movie % Correct
10 _______ I Hate About YouThings
98.7%
One _______ Over the Cuckoo's NestFlew
98.1%
2 Fast 2 _______Furious
97.5%
The Sixth _______Sense
97.5%
13 Going on ________30
97.5%
Four _______ and a FuneralWeddings
96.2%
21 _______ StreetJump
94.3%
Sixteen _______Candles
90.5%
_______ ElevenOcean's
89.9%
_______-22Catch
88%
28 Days _______Later
88%
The 25th _______Hour
81%
Eight _______ OutMen
80.4%
Seven _______ for Seven BrothersBrides
78.5%
Nine to _______Five
77.2%
Hint Movie % Correct
12 _______Monkeys
76.6%
The _______ 23Number
70.3%
Five _______ PiecesEasy
69.6%
17 _______Again
69.5%
27 _______Dresses
54.4%
Three _______Amigos
47.5%
Nineteen _______Eighty-four
46.8%
24 Hour _______ PeopleParty
36.1%
15 _______Minutes
34.8%
Thirty _______ Over TokyoSeconds
32.9%
Fourteen _______Hours
27.8%
_______ Jam TwentyPearl
21.5%
Zero _______Effect
17.7%
29 _______Palms
2.5%
The Eighteenth _______Angel
1.3%
Remove Ads.
Support Sporcle.
Get the best of Sporcle when you Go Orange. This ad-free experience offers more features, more stats, and more fun while also helping to support Sporcle. Thank you for becoming a member.

You're not logged in!

Compare scores with friends on all Sporcle quizzes.
OR
Log In

Show Comments

Extras

Created Jul 23, 2012SourceReportNominate
Tags:Between

Top Quizzes Today


Score Distribution

Your Account Isn't Verified!

In order to create a playlist on Sporcle, you need to verify the email address you used during registration. Go to your Sporcle Settings to finish the process.

Report this User

Report this user for behavior that violates our Community Guidelines.

Details: